000 00824nam a2200265Ia 4500
001 Para_8659
003 CHAP
008 220125s9999 xx 000 0 und d
010 _a207470
040 _cCHAP
082 _aPA-C 595.752 A6
100 _aTakahashi, Ryoichi
_9111377
245 _aNotes on some formosan aphididae (2) /
_c by Ryoichi Takahashi
300 _a12 p.
440 _aAphidae; 30
_9174064
500 _aSobretiro de: The Trans. Nat. Hist. Soc. Formosa, 9 (102): 247-59, 1929. Encuadernado con otros impresos similares
650 _a
_x Afididos
_x Colecciones de escritos
_x Afididos
_xFormosa
_9171888
901 _aPA-C 595.752 A6
902 _aA
905 _a000000 0000000000 00
910 _a
942 _cPARA
942 _cPARA
_d1
999 _c207470
_d207470